000 00720aas a2200229 4500
999 _c1362
_d1362
003 BR-BrBNA
005 20230317233143.0
007 ta
008 230119b bl ||||| |||| 00| 0 por d
035 _a000485-5
040 _aBR-BrBNA
_bPor
_cBR-BrBNA
042 _a016225-6
044 _abl
245 _aBrasil Salineiro (Brazil)
260 _aRio de Janeiro-RJ
_bInstituto Brasileiro do Sal
_c1953. Data final de publicação em 1963
_eBRJ
270 _aAv. Rio Branco, 311 - 8º andar - Ed. Brasília
310 _airregular
505 _a1953-55 1-2 (1-8); 1957-59 5-8 (13-19); 1960 8(20-23,25-27); 1962 9(28); 1963 10(29-31);
650 1 2 _gCLORETOS; CONDIMENTOS; SODIO
909 _a56
_bSergio Santos
_c56
_dSergio Santos
942 _cCR
_2AGRIS